Testovanie väzbových miest pre kalcium na povrchových membránach svalových vlákien s kalciovou elektrogenézou

Bibliographic Details
Main Authors: Uhrík, Branislav, 1940- (Author), Zacharová, Daria, 1924-1994 (Author), Novotová, Marta (Author)
Format: Article
Language:Slovak
PhysicalDescription:Obr. 6. Tb. 1. Res. rus., angl., nem., lit. 24 zázn. v angl.
Subjects:

MARC

LEADER 00000nab a2200000 a 4500
001 vtls000212130
003 SK-MaSNL
005 20260304063926.0
008 250422c1985 xo 0 slo
015 |a SNBRB19rr/mm-uuuuu 
035 |a CL0222244 
035 |a urn:nbn:sk:snk-ab5p0 
035 |a (urnnbn)urn:nbn:sk:snk:ar-a03bns 
035 |a (uuid)cba0634e-6526-4a84-8f90-b8f0a05bb48e 
040 |a SNKBUCL  |b slo  |c SNKBUCL  |e AACR2 
041 0 |a slo 
044 |a xo  |c SK 
080 |a 611-018.6  |2 1981 
080 |a 612.014.1-086  |2 1981 
080 |a 546.41  |2 1981 
100 1 |a Uhrík, Branislav,  |d 1940-  |4 aut  |9 38182 
245 1 0 |a Testovanie väzbových miest pre kalcium na povrchových membránach svalových vlákien s kalciovou elektrogenézou  |c Branislav Uhrík, Daria Zacharová, Marta Novotová 
300 |b Obr. 6. Tb. 1. Res. rus., angl., nem., lit. 24 zázn. v angl. 
650 0 7 |a vlákna svalové  |2 snkbucl  |9 1010087 
650 0 7 |a membrány povrchové  |2 snkbucl  |9 1351023 
655 7 |a články z novín a časopisov  |2 snkbucl  |9 267496 
700 1 |a Zacharová, Daria,  |d 1924-1994  |4 aut  |9 48742 
700 1 |a Novotová, Marta  |4 aut  |9 5502 
773 0 |t Bratislavské lekárske listy  |g Roč. 83, č. 3 (1985), s. 281-291 
850 |a Slovenská národná knižnica 
852 |a Slovenská národná knižnica 
954 |a odborná, vedecká literatúra pôvodná (slovenská)  |2 lita 
958 |a article27 
958 |a NB 
958 |a RK 
958 |a MI 
958 |a OND 
958 |a EUIPO 
992 |a RBX 
999 |c 2744544  |d 2746474